[Event "CAT-chT 2020"]
[Site "Catalonia"]
[Date "2020.01.18"]
[Round "1.1"]
[White "Guerra Mendez, Jose Angel"]
[Black "Jerez Perez, Alfonso"]
[Result "1-0"]
[WhiteElo "2522"]
[BlackElo "2387"]
[Annotator "TA"]
[PlyCount "105"]
[EventDate "2020.01.18"]
[EventType "team-tourn"]
[EventCountry "ESP"]
[SourceTitle "playchess.com"]
[Source "ChessBase"]
[SourceQuality "1"]

{[%evp 21,105,18,32,28,23,0,36,4,8,9,0,0,20,14,43,33,64,12,29,19,13,33,45,35,36,41,63,29,74,68,60,0,0,0,0,0,0,0,8,8,8,8,8,8,8,-2,-8,-10,102,92,156,150,246,226,248,248,245,226,248,141,125,103,160,166,145,120,118,118,156,150,152,154,154,147,141,77,187,145,145,142,404,332,420,408,29976,29978]} 1. c4 Nf6 2. Nc3 d5 3. cxd5 Nxd5 4. g3 g6 5. Bg2 Nb6 6. Nf3 Bg7 7. O-O Nc6 8. d3 O-O 9. Be3 e5 10. Qd2 Nd4 11. Bh6 Re8 12. Rac1 {A16: English Opening: 1...Nf6 with ...d5} c6 13. Bxg7 Kxg7 14. Ne4 {White is slightly better.} Nxf3+ 15. Bxf3 Qe7 $146 ({Predecessor:} 15... Nd5 16. b4 Qb6 17. Rc4 a5 18. Nd6 Rd8 19. Nxc8 Rdxc8 20. Bxd5 cxd5 21. bxa5 {1-0 (45) Maletin,P (2575)-Zenzera,A (2236) Samara 2011}) 16. b4 Be6 17. Nc5 Bd5 18. e4 Be6 $1 19. Qb2 (19. Bg2 $14) 19... Bh3 20. Bg2 Bxg2 21. Kxg2 Rab8 22. f4 Kg8 23. fxe5 Qxe5 24. d4 Qe7 25. e5 $1 Nd5 26. Rf3 ({Better is} 26. Rce1 $14) 26... f5 $11 27. exf6 Nxf6 28. Rcf1 Nd5 29. Qf2 Rf8 (29... Nxb4 {seems wilder.} 30. Rf7 Qe2 31. Rf8+ Kg7 32. Rf7+ Kg8) 30. Rxf8+ Rxf8 31. Qxf8+ Qxf8 32. Rxf8+ Kxf8 {[%mdl 4096] Endgame KN-KN} 33. a3 b6 34. Nd7+ Kg7 (34... Ke7 $11 {remains equal.} 35. Ne5 Kd6) 35. Kf3 $16 Nc3 (35... a6 $142) 36. Ne5 Nb5 (36... c5 $16) 37. Nxc6 $18 Nxa3 38. Nxa7 Kf6 39. Ke4 Ke6 40. Kd3 (40. Nc8 $1 $18) 40... Kd6 $16 41. Nc8+ Kc7 42. Ne7 Kd6 {[#]} 43. Ng8 $1 Ke6 44. Nh6 b5 45. Ng4 {And now Ne3 would win.} Nc4 46. Ne3 Nd6 47. g4 h6 48. h4 (48. Nd1 $142) 48... Kf6 {[#]} (48... Ne8 $16) 49. Ke2 $1 $18 Ke6 50. Kf3 Kf6 $2 {[%mdl 8192]} (50... Nf7 $16 51. h5 g5) 51. Nd5+ Ke6 52. Nc3 Kf6 (52... Ne8 $18 53. Nxb5 Kd5) 53. Ne4+ {Accuracy: White = 65%, Black = 46%.} 1-0

[Event "CAT-chT 2020"]
[Site "Catalonia"]
[Date "2020.01.18"]
[Round "1.2"]
[White "Granados Gomez, Manuel"]
[Black "Gual Pascual, Antonio"]
[Result "1-0"]
[WhiteElo "2374"]
[BlackElo "2351"]
[Annotator "TA"]
[PlyCount "51"]
[EventDate "2020.01.18"]
[EventType "team-tourn"]
[EventCountry "ESP"]
[SourceTitle "playchess.com"]
[Source "ChessBase"]
[SourceQuality "1"]

{[%evp 20,51,-31,-55,-23,-20,0,0,2,0,0,-20,0,0,12,0,75,11,180,147,492,474,564,571,589,585,587,541,654,676,737,709,988,981]} 1. c4 g6 2. g3 Bg7 3. Bg2 e5 4. Nc3 d6 5. d3 f5 6. Nf3 Nf6 7. Bg5 c6 8. O-O O-O 9. Nd2 h6 10. Bxf6 Qxf6 11. Rb1 h5 $146 {A21: English Opening: 1...e5 2 Nc3} ({Predecessor:} 11... Be6 12. e3 Nd7 13. b4 e4 14. d4 c5 15. bxc5 dxc5 16. Nb5 cxd4 17. exd4 Bf7 18. d5 Rfc8 19. Na3 {0-1 (37) Potapov,A (2389)-Bortnyk,O (2552) Minsk 2015}) 12. b4 h4 13. b5 Be6 {The position is equal.} 14. bxc6 bxc6 15. Nb3 e4 16. Rc1 hxg3 17. hxg3 a5 {[#]} (17... e3 $1 $11 {remains equal.}) 18. dxe4 (18. e3 $1 $16) 18... Bxc4 $2 (18... a4 $1 $11) 19. exf5 $18 Ra7 $2 {[%mdl 8192]} (19... Qxf5 $16 20. Qxd6 a4) 20. Ne4 $1 {[%csl LRc4,LRd6,LRf6][%mdl 64] Double Attack. White is clearly winning.} Qe5 21. f6 Bh6 22. Rxc4 d5 23. Rc5 a4 24. Nd4 Rh7 25. Nc3 Nd7 26. Nxc6 {Accuracy: White = 56%, Black =  9%.} 1-0

[Event "CAT-chT 2020"]
[Site "Catalonia"]
[Date "2020.01.18"]
[Round "1.3"]
[White "Alonso Garcia, Rene Marcial"]
[Black "Torrecillas Martinez, Antonio"]
[Result "1-0"]
[WhiteElo "2334"]
[BlackElo "2313"]
[Annotator "TA"]
[PlyCount "57"]
[EventDate "2020.01.18"]
[EventType "team-tourn"]
[EventCountry "ESP"]
[SourceTitle "playchess.com"]
[Source "ChessBase"]
[SourceQuality "1"]

{[%evp 30,61,24,29,54,45,35,42,25,29,89,65,60,15,27,22,26,25,29,27,21,0,0,0,0,0,0,-92,-94,-127,736,718,5227,984]} 1. d4 Nf6 2. c4 g6 3. Nc3 d5 4. cxd5 Nxd5 5. e4 Nxc3 6. bxc3 Bg7 7. Nf3 c5 8. Rb1 O-O 9. Be2 Nc6 10. d5 Bxc3+ 11. Bd2 Bxd2+ 12. Qxd2 Na5 13. h4 Bg4 14. h5 Bxf3 15. gxf3 e5 16. Qc3 g5 {D85: Exchange Grünfeld: Unusual White 7th moves and lines with 7 Nf3} (16... Re8 17. Qxc5 b6 18. Qe3 Rc8 19. hxg6 fxg6 20. f4 Qf6 21. f5 gxf5 22. Rh6 Qg7 23. exf5 Rc3 24. Qxc3 Qxh6 {1-0 (34) Postny,E (2644)-Mikhalevski,V (2571) Israel 2015}) 17. Qxe5 f6 18. Qc3 b6 {White is slightly better.} 19. h6 $146 ({Predecessor:} 19. f4 gxf4 20. Qf3 Qd6 21. Rh4 Rae8 22. Qxf4 Qxf4 23. Rxf4 Nb7 24. Bg4 {0-1 (50) Hua,L (2267)-Mikhalevski,V (2523) Montreal 2003}) 19... Qc7 (19... Qd6 $11 {remains equal.}) 20. Rg1 Rae8 21. d6 Qxd6 {[#]} 22. Rxg5+ $1 {[%mdl 512]} Kh8 (22... fxg5 23. Qg7#) 23. Rd1 Qh2 24. Bb5 $36 {[%mdl 2048] White has good play.} Qxh6 25. Rgd5 Re7 26. Bd7 Rg8 27. Ke2 Rg5 28. Bf5 (28. Rd6 $11 Rge5 29. Bb5) 28... Nc6 $17 29. Qc4 {Played: Rd1-h1} 1-0

[Event "CAT-chT 2020"]
[Site "Catalonia"]
[Date "2020.01.18"]
[Round "1.4"]
[White "Mestre Bellido, Hector"]
[Black "Mieles Palau, Daniel"]
[Result "0-1"]
[WhiteElo "2285"]
[BlackElo "2374"]
[Annotator "RC"]
[PlyCount "72"]
[EventDate "2020.01.18"]
[EventType "team-tourn"]
[EventCountry "ESP"]
[SourceTitle "playchess.com"]
[Source "ChessBase"]
[SourceQuality "1"]
[TimeControl "5400+30"]

1. Nf3 {[%emt 0:00:00]} c5 {[%emt 0:00:00]} 2. c4 {[%emt 0:00:00]} g6 {[%emt 0:02:40]} 3. Nc3 {[%emt 0:00:14]} Bg7 {[%emt 0:00:27]} 4. d4 {[%emt 0:00:10]} cxd4 {[%emt 0:00:37]} 5. Nxd4 {[%emt 0:00:02]} Nc6 {[%emt 0:00:36]} 6. Nc2 {[%emt 0:01:10]} d6 {[%emt 0:03:00]} 7. e4 {[%emt 0:00:09]} Bxc3+ {[%emt 0:01:33]} 8. bxc3 {[%emt 0:00:06]} Nf6 {[%emt 0:00:36]} 9. f3 {[%emt 0:15:58]} O-O {[%emt 0:06:39]} 10. Be2 {[%emt 0:05:28]} Be6 {[%emt 0:09:01]} 11. Bg5 {[%emt 0:06:59]} Rc8 {[%emt 0:08:26]} 12. Ne3 {[%emt 0:08:12]} Qa5 {[%emt 0:15:45]} 13. Nd5 {[%emt 0:06:32]} Bxd5 {[%emt 0:00:07]} 14. cxd5 {[%emt 0:00:58]} Ne5 {[%emt 0:00:32]} 15. O-O {[%emt 0:10:35]} Qxc3 {[%emt 0:08:59]} 16. Rb1 {[%emt 0:00:42]} b6 {[%emt 0:02:19]} 17. Qa4 {[%emt 0:00:24]} Ned7 {[%emt 0:13:18]} 18. Rfc1 {[%emt 0:13:07]} Qe5 {[%emt 0:00:07]} 19. Bh6 {[%emt 0:04:40]} Rxc1+ {[%emt 0:07:06]} 20. Rxc1 {[%emt 0:00:01]} Nc5 {[%emt 0:03:06]} 21. Rxc5 {[%emt 0:05:28]} dxc5 {[%emt 0:02:14]} 22. Bxf8 {[%emt 0:00:02]} Kxf8 {[%emt 0:00:01]} 23. Qxa7 {[%emt 0:00:06]} Qd4+ {[%emt 0:00:51]} 24. Kf1 {[%emt 0:00:02]} c4 {[%emt 0:00:11]} 25. Qa4 {[%emt 0:07:49]} Qa1+ {[%emt 0:00:07]} 26. Qd1 {[%emt 0:00:02]} Qxa2 {[%emt 0:00:19]} 27. d6 {[%emt 0:03:01]} c3 {[%emt 0:05:40]} 28. e5 {[%emt 0:03:09]} Nd7 {[%emt 0:00:47]} 29. dxe7+ {[%emt 0:06:06]} Kxe7 {[%emt 0:00:06]} 30. Bb5 {[%emt 0:03:09]} Nxe5 {[%emt 0:01:03]} 31. Qe1 {[%emt 0:00:04]} Qd5 {[%emt 0:02:50]} 32. Ba4 {[%emt 0:00:02]} Qc4+ {[%emt 0:00:38]} 33. Kg1 {[%emt 0:01:11]} Qd4+ {[%emt 0:00:44]} 34. Kf1 {[%emt 0:00:15]} Kf6 {[%emt 0:00:32]} 35. Bc2 {[%emt 0:00:09]} Nc4 {[%emt 0:00:05]} 36. Qe2 {[%emt 0:01:11]} Nd2+ {[%emt 0:00:07]} 0-1

[Event "CAT-chT 2020"]
[Site "Catalonia"]
[Date "2020.01.18"]
[Round "1.5"]
[White "Ortega Serra, Marc"]
[Black "Garrido Fernandez, Daniel"]
[Result "1-0"]
[WhiteElo "2295"]
[BlackElo "2266"]
[Annotator "TA"]
[PlyCount "71"]
[EventDate "2020.01.18"]
[EventType "team-tourn"]
[EventCountry "ESP"]
[SourceTitle "playchess.com"]
[Source "ChessBase"]
[SourceQuality "1"]

{[%evp 9,71,-21,-14,-18,-24,-21,14,4,75,0,25,29,25,-1,64,65,137,72,18,38,103,53,75,80,106,56,105,108,174,98,117,89,132,118,188,130,170,160,151,104,148,130,122,117,197,203,228,216,212,183,312,329,302,233,468,460,457,450,477,353,346,343,389,301]} 1. d4 f5 2. e4 fxe4 3. Nc3 Nf6 4. Bg5 g6 5. h4 d5 6. f3 {A83: Dutch Defence: Staunton Gambit with 3 Nc3 Nf6 4 Bg5} (6. h5 Bf5 7. Bxf6 exf6 8. g4 Be6 9. hxg6 Qd7 10. g5 fxg5 11. Qh5 Qg7 12. Qxg5 c6 13. Nge2 hxg6 14. Nf4 Rxh1 15. Nxe6 {½-½ (23) Trent,L (2470)-Anton Guijarro,D (2617) Caleta 2015}) 6... Bg7 7. Qd2 $146 ({Predecessor:} 7. h5 Qd6 8. Nge2 exf3 9. Nf4 Ne4 10. Nxe4 dxe4 {1-0 (35) Schulz,G (2112)-Rastert,R (2123) Baden 2004}) 7... Bf5 8. O-O-O {The position is equal.} c6 (8... exf3 $11 9. Nxf3 O-O) 9. Nge2 ({White should play} 9. Bxf6 $16 Bxf6 10. g4) 9... Nbd7 10. Ng3 Qc7 11. Bf4 Qb6 (11... e5 $1 $11 12. dxe5 Nxe5) 12. h5 $14 {[%mdl 1024] White has compensation.} e6 (12... Rf8 $14) 13. h6 ({Better is} 13. hxg6 hxg6 14. Rxh8+ Bxh8 15. Qe1) 13... Bf8 $16 14. a3 a5 (14... Be7 $14) 15. Qe1 {[%cal Rf3e4]} O-O-O 16. fxe4 dxe4 17. Ncxe4 Nd5 18. Bd2 Qa7 (18... Re8 $16) 19. Bxa5 (19. c4 $18 Re8 20. Bg5 (20. Bxa5 Be7 $14)) 19... b6 20. Bc3 Kb7 21. Bc4 Bg4 (21... Re8 $16 {was called for.}) 22. Be2 (22. Rd3 $18) 22... Bxe2 23. Nxe2 Be7 24. Qg3 Qb8 25. Qxb8+ Rxb8 26. Bd2 b5 (26... e5 $16) 27. Nf4 $18 Nxf4 28. Bxf4 Rbf8 29. Rdf1 Rf5 (29... Nf6 $142) 30. g4 Rd5 31. Be3 {[#] aiming for Rf7.} Rf8 $2 (31... Kc8 32. Rf7 Kd8) 32. Rxf8 Bxf8 33. Rf1 e5 34. c3 exd4 35. cxd4 c5 36. Nc3 {Accuracy: White = 57%, Black = 15%.} 1-0

[Event "CAT-chT 2020"]
[Site "Catalonia"]
[Date "2020.01.18"]
[Round "1.6"]
[White "Almeida Toledano, Daniel"]
[Black "Bru Rullo, Llatzer"]
[Result "1/2-1/2"]
[WhiteElo "2257"]
[BlackElo "2273"]
[Annotator "TA"]
[PlyCount "68"]
[EventDate "2020.01.18"]
[EventType "team-tourn"]
[EventCountry "ESP"]
[SourceTitle "playchess.com"]
[Source "ChessBase"]
[SourceQuality "1"]

{[%evp 17,68,-7,0,-6,0,-2,0,6,14,-14,-19,-81,-57,-83,-51,-61,-45,-61,-65,-54,-15,-28,-21,-25,0,0,0,-26,-25,-39,-33,-45,-53,-61,-35,-33,-33,-33,-33,-33,-33,-33,-33,-33,-33,-44,-47,-33,-33,-33,-33,-33,-33]} 1. e4 c5 2. Nf3 e6 3. b3 b6 4. Bb2 Bb7 5. Qe2 d6 6. g3 Nf6 7. d3 Be7 8. Bg2 Nc6 9. O-O O-O 10. Nbd2 {A05: Réti Opening: 1 Nf3 Nf6} b5 11. Rfe1 Nd7 12. c3 $146 {The position is equal.} ({Predecessor:} 12. d4 cxd4 13. Nxd4 Bf6 14. Nxc6 Bxc6 15. e5 Bxe5 16. Bxc6 Bxb2 17. Rab1 Bc3 18. Bxa8 Qxa8 {½-½ (27) Wall,G (2350)-Godena,M (2490) Genova 1999}) 12... Bf6 13. Nf1 b4 14. c4 (14. Qd2 $11) 14... a5 15. a4 bxa3 16. Rxa3 Rb8 17. Rd1 Bxb2 18. Qxb2 e5 19. Rda1 Ra8 20. Ne3 Nd4 21. Qd2 Nc6 22. Nf5 Ndb8 23. h4 Bc8 {Black is slightly better.} 24. Bh3 Na6 25. Kh2 Rb8 (25... Nab4 {with more complications.} 26. Rc1 Ra7 27. Qe3 Be6 28. h5 h6) 26. Ne3 Bxh3 27. Kxh3 Rb7 28. Kg2 Qd7 29. Qd1 Rfb8 30. h5 Nc7 31. Nf5 Ne6 32. Rb1 h6 33. Qc1 Kh7 34. Qd2 Rb4 {Accuracy: White = 48%, Black = 66%.} 1/2-1/2

[Event "CAT-chT 2020"]
[Site "Catalonia"]
[Date "2020.01.18"]
[Round "1.7"]
[White "Escandell, Juan C"]
[Black "Arias Boo, Guillermo"]
[Result "0-1"]
[WhiteElo "2176"]
[BlackElo "2191"]
[Annotator "TA"]
[PlyCount "168"]
[EventDate "2020.01.18"]
[EventType "team-tourn"]
[EventCountry "ESP"]
[SourceTitle "playchess.com"]
[Source "ChessBase"]
[SourceQuality "1"]

{[%evp 21,168,14,14,0,51,0,154,104,147,154,520,500,401,77,29993,25,20,-10,68,10,8,16,11,28,27,-51,-37,-81,-74,-73,-69,-75,-70,-90,-100,-92,-71,-76,-73,-68,-73,-186,-184,-176,-183,-196,-177,-154,-107,-191,-184,-214,-214,-214,-214,-339,-343,-333,-343,-341,-314,-330,-312,-327,-284,-320,-341,-513,-313,-437,-428,-655,-481,-440,-443,-426,-398,-389,-345,-316,-243,-366,-343,-455,-455,-444,-429,-550,-508,-525,-471,-557,-551,-534,-528,-548,-540,-516,-418,-411,-390,-444,-444,-377,-322,-426,-328,-320,-317,-296,-248,-341,-301,-336,-322,-306,-306,-329,-319,-304,-122,-418,-397,-420,-433,-450,-425,-421,-420,-660,-639,-799,-768,-779,-783,-761,-756,-706,-694,-497,-468,-594,-589,-882,-845,-629,-595,-525,-518]} 1. e4 g6 2. d4 Bg7 3. Nc3 c6 4. Nf3 d6 5. Be3 Nf6 6. h3 O-O 7. Qd2 b5 8. Bd3 Nbd7 9. a4 b4 10. Ne2 a5 11. O-O Qc7 12. Ng3 {B06: Modern Defence} Nb6 ({Better is} 12... c5 $11) 13. e5 $146 (13. Rfc1 $14) ({Predecessor:} 13. Bh6 Nfd7 14. Nh5 {1-0 (53) Dgebuadze,A (2538)-Larmuseau,M (2069) Maastricht 2009}) 13... Nfd7 $2 (13... dxe5 $11 14. dxe5 (14. Nxe5 Nbd5 $11) 14... Nfd5) 14. Rfe1 {White is clearly better.} Nd5 {[%cal Rd6e5]} 15. Bh6 dxe5 $2 (15... Bh8 $16 {is more resistant.} 16. Bxf8 Nxf8 17. exd6 exd6) 16. Bxg7 $1 $18 Kxg7 {[#]} 17. dxe5 $2 (17. Nh5+ $1 $18 {[%mdl 512]} gxh5 18. Qg5+ Kh8 19. Qh6 $1 {[%mdl 512]}) 17... Nc5 $2 {[%mdl 8192] [#]} (17... f6 $16) 18. Ne4 $2 (18. Nh5+ $1 {[%mdl 512] mates} gxh5 19. Qg5+ Kh8 {[#]} 20. Qh6 $1 {[%mdl 576] Double Attack} Bf5 21. Bxf5 Nf6 22. exf6 Qh2+ 23. Nxh2 exf6 24. Qxh7#) 18... Ne6 $11 19. c4 Nb6 (19... bxc3 $11 20. bxc3 Rd8) 20. Qe3 (20. Neg5 $1 $14) 20... Nd7 21. Neg5 {Black must now prevent Nxe6+.} Ndc5 22. Nxe6+ Nxe6 23. Nh2 (23. Be4 $11) 23... Qa7 $15 24. Be4 Qxe3 25. Rxe3 Bb7 26. Nf3 Rfd8 27. Rc1 Nc5 28. Bc2 Rd7 29. Kf1 Rad8 30. Ke2 Ne6 31. g3 (31. Be4 $17) 31... c5 $19 32. Ke1 Bxf3 33. Rxf3 Nd4 34. Re3 {[#]} b3 $1 $36 {[%mdl 2560] Black is really pushing.} 35. Bxb3 (35. Be4 $17) 35... Rb7 36. Rcc3 Rdb8 37. Bd1 Rxb2 38. Red3 (38. Ra3 {might work better.}) 38... Rb1 39. Kd2 R8b2+ 40. Ke3 Ra1 41. Rd2 Rbb1 42. Rcd3 e6 43. h4 Rc1 44. Bb3 (44. f3 $142) 44... Rab1 45. Ba2 Rb4 46. Rd1 (46. Rxd4 $142 cxd4+ 47. Kxd4) 46... Rxd1 47. Rxd1 Rxa4 {[%mdl 4096] Endgame KRB-KRN} 48. Rd2 Rb4 49. Kd3 Rb8 50. Kc3 Kf8 51. Rd1 (51. g4 $142) 51... Ke7 52. Re1 a4 53. Rd1 a3 54. Rd2 Rb6 55. Kd3 h5 56. Kc3 Rb8 57. Kd3 Nc6 58. Re2 Rd8+ 59. Kc3 Nb4 {[%csl Gb4][%cal Rd8d3]} 60. Kb3 Nd3 {Threatens to win with ...Nc1+.} 61. Rc2 Nxe5 62. Kxa3 Nc6 63. Kb2 Nb4 64. Re2 Rd4 65. Bb3 Kd6 66. Kc3 Rd3+ 67. Kb2 Nc6 68. Bc2 Rd4 69. Kc3 Ne5 70. Bb3 f6 (70... Rd3+ $19 {and Black stays clearly on top.} 71. Kc2 Rf3) 71. Ba2 $2 {[%mdl 8192]} (71. Rd2 $17 {keeps fighting.}) 71... g5 72. hxg5 fxg5 73. Re1 Rd3+ 74. Kc2 Rf3 75. Rh1 (75. Rd1+ $142 Ke7 76. Rf1) 75... Rxf2+ {Black is clearly winning.} 76. Kb3 Nc6 77. Rxh5 Nd4+ 78. Ka3 Rf3+ 79. Kb2 Rxg3 80. Bb1 Nc6 81. Rh6 Ne5 82. Bf5 Nxc4+ 83. Ka2 Re3 84. Rg6 Re5 {Accuracy: White = 36%, Black = 65%.} 0-1

[Event "CAT-chT 2020"]
[Site "Catalonia"]
[Date "2020.01.18"]
[Round "1.8"]
[White "Chalmeta Ugas, Jordi"]
[Black "Castellet Giralt, Gabriel"]
[Result "1/2-1/2"]
[WhiteElo "2173"]
[BlackElo "2236"]
[Annotator "TA"]
[PlyCount "72"]
[EventDate "2020.01.18"]
[EventType "team-tourn"]
[EventCountry "ESP"]
[SourceTitle "playchess.com"]
[Source "ChessBase"]
[SourceQuality "1"]

{[%evp 23,72,7,7,0,0,0,0,0,0,-11,-22,-14,-21,-94,-88,-127,-129,-121,-68,-66,-76,-178,-81,-79,-62,-78,-74,-85,0,0,0,-61,-61,-68,-68,-97,-97,-107,-97,-97,-61,-88,-68,-97,-89,-97,0,-97,0,-64,0]} 1. d4 d5 2. c4 e6 3. Nc3 c6 4. Nf3 dxc4 5. a4 Bb4 6. e3 b5 7. Bd2 a5 8. axb5 Bxc3 9. Bxc3 cxb5 10. b3 Bb7 11. bxc4 b4 12. Bb2 Nf6 13. c5 {D31: Queen's Gambit Declined: Semi-Slav without ...Nf6 (+ Marshall Gambit and Noteboom) and Exchange Variation lines without ...Nf6} O-O 14. Bb5 Bc6 (14... Qc7 15. O-O Nc6 16. Re1 Ne7 17. Ba4 Ng6 18. Nd2 Ba6 19. Qc2 e5 20. Nc4 exd4 21. Bxd4 {½-½ (44) Stupak,K (2551)-Frolyanov,D (2556) Cheliabinsk 2019}) 15. Ba4 {The position is equal.} Bxa4 16. Rxa4 Qd5 17. O-O Nc6 18. Qe2 $146 (18. Qc2 $11) ({Predecessor:} 18. Qc2 Ne4 19. Rfa1 f5 20. Ne1 e5 {0-1 (33) Mesman,E (2216)-Kuijf,M (2373) Netherlands 2017}) 18... Ne4 19. Nd2 Nxd2 20. Qxd2 Qb3 (20... e5 $17 21. Qd1 exd4 22. Bxd4 Rfd8) 21. Rfa1 $15 Rfd8 22. f4 {[#]} (22. Qd1 $17 Qc4 23. Rc1) 22... f5 (22... e5 $1 $19 {[%mdl 512] and Black stays clearly on top. Strongly threatening ...exf4.} 23. g3 (23. fxe5 Nxe5 {[%mdl 64] Pin} 24. Qe2 Nd3 $17) (23. dxe5 Rxd2) 23... exf4 24. exf4 Ra7) 23. Qe2 $17 h6 24. h4 Ra7 25. Bc1 Qc3 26. Bb2 Qb3 27. Bc1 $1 Rda8 28. Kf2 Qd5 $36 {[%mdl 2048] Black has the initiative.} 29. Bb2 Ne7 30. Qc2 h5 31. Bc1 Nc6 32. Bb2 Rd7 33. Re1 Rf7 34. Rc1 Rd7 35. Re1 $1 Rf7 36. Rc1 $1 Rd7 {Accuracy: White = 42%, Black = 34%.} ({Black should try} 36... Rc8 $15) 1/2-1/2

[Event "CAT-chT 2020"]
[Site "Catalonia"]
[Date "2020.01.18"]
[Round "1.9"]
[White "Borges Ayats, Joaquim"]
[Black "Alvarez Albiol, Victor"]
[Result "0-1"]
[WhiteElo "2015"]
[BlackElo "2163"]
[Annotator "TA"]
[PlyCount "146"]
[EventDate "2020.01.18"]
[EventType "team-tourn"]
[EventCountry "ESP"]
[SourceTitle "playchess.com"]
[Source "ChessBase"]
[SourceQuality "1"]

{[%evp 21,146,0,0,0,0,0,0,-10,34,34,25,33,41,0,0,-37,-32,-50,-28,-54,-20,-22,0,-53,-27,-31,-15,-33,-36,-31,-24,-68,-6,-78,-82,-79,-78,-88,-66,-86,-77,-158,-157,-153,-125,-134,-113,-122,-114,-120,-120,-159,-153,-208,-208,-201,-183,-158,-119,-304,-304,-304,-304,-296,-270,-314,-276,-393,-322,-452,-452,-452,-452,-452,-452,-437,-437,-437,-437,-433,-432,-414,-414,-349,-310,-258,-128,-127,-20,-28,-28,-28,-28,-24,-33,-33,-40,-29962,-29959,-29963,-29961,-29963,-29964,-29964,-95,-29974,-29972,-29964,-29962,-29980,-29981,-29980,-29981,-29981,-29983,-29984,-29985,-29984,-29984,-29984,-29985,-29986,-29987,-29986,-29984,-29983,-29983]} 1. e4 c5 2. Nf3 e6 3. d4 cxd4 4. Nxd4 Nc6 5. Nc3 Qc7 6. Be3 a6 7. Bd3 Nf6 8. O-O Ne5 9. h3 Bc5 10. Qe2 d6 11. f4 Ng6 12. Nb3 {B48: Sicilian: Taimanov: 5 Nc3 Qc7 6 Be3 a6 without Be2} Bxe3+ 13. Qxe3 b5 (13... O-O 14. Rae1 b5 15. Nd4 b4 16. Nce2 Qc5 17. Kh1 e5 18. Nf5 Qxe3 19. Nxe3 Bb7 20. fxe5 dxe5 21. Ng3 Rac8 22. Nc4 Rfd8 {½-½ (90) Ertan,C (2404)-Neiksans,A (2559) Karlsruhe 2019}) 14. Rae1 {The position is equal.} Bb7 15. e5 dxe5 16. fxe5 Nd5 17. Nxd5 $146 (17. Qc5 {looks sharper.} Qe7 18. Bxg6 hxg6 19. Ne4 O-O 20. Na5) ({Predecessor:} 17. Qc5 Rc8 18. Ne4 {1-0 (18) Vogt,L-Maciejewski,A Warsaw 1971}) 17... Bxd5 18. Nd2 O-O 19. b3 b4 20. Bc4 Bb7 21. Bd3 Bd5 22. Qg5 (22. Bc4 $11) 22... Qc5+ 23. Kh2 Qd4 (23... a5 {with more complications.} 24. Qg3 Rad8 25. h4 h6 26. h5 Ne7) 24. Qe3 Qxe3 25. Rxe3 Rac8 26. Bc4 Bc6 (26... Rc5 $15) 27. Bd3 (27. Bxa6 $11 {keeps the balance.} Ra8 28. Bd3) 27... Bb5 $1 $17 28. Nc4 Bxc4 29. Bxc4 Rfd8 30. Re2 a5 31. g3 (31. Bd3 $142) 31... Rc5 32. Rfe1 Kf8 33. Kg2 Ke7 34. h4 h5 35. Kf3 Rd4 36. Bd3 Nf8 $1 37. Re4 (37. Ke3 $17 Rg4 38. Kf2) 37... Rxe4 $19 38. Rxe4 {[%mdl 4096] Endgame KRB-KRN} Ng6 39. Ke3 Rxe5 40. Rxe5 $2 (40. Be2 $17 {keeps fighting.}) 40... Nxe5 $17 {KB-KN} 41. Be2 g6 42. Kd4 Kd6 43. c3 f5 44. cxb4 (44. Bb5 $142 Nf3+ 45. Kd3) 44... axb4 $19 45. Bb5 {[#]} (45. Bf1 {was called for.} f4 46. gxf4 Nf3+ {[%mdl 64] Double Attack} 47. Ke3 Nxh4 48. Ke4) 45... f4 $1 {[%mdl 512]} 46. gxf4 Nf3+ {[%mdl 64] Double Attack} 47. Ke4 Nxh4 48. Be8 Ke7 49. Bb5 Nf5 50. Ke5 Ne3 51. Bd3 Kf7 52. Ke4 Nd5 53. Ke5 h4 (53... Nf6 $19 {has better winning chances.} 54. Kd4 h4) 54. Bf1 $17 Nc3 ({Better is} 54... Ne3 $17 55. Bh3 Nf5) 55. Bh3 Nxa2 56. Bxe6+ Ke7 {Strongly threatening ...Nc1.} 57. f5 gxf5 58. Bxf5 Nc1 59. Kd5 $2 {[%mdl 8192]} (59. Kf4 $15) 59... Kf6 60. Bh3 Kg5 61. Kc4 {[#]} Na2 $1 62. Kd3 {[#]} Kf4 $1 {[%cal Rf4g3]} 63. Ke2 $2 {[%mdl 8192]} (63. Be6 $17 Kg3 64. Bd7) 63... Kg3 {Black mates.} 64. Be6 h3 65. Kf1 h2 66. Bd5 Nc1 67. Ke1 {[#]} Nxb3 $1 {[%mdl 512]} 68. Kd1 (68. Bxb3 h1=Q+) 68... Nd4 69. Bh1 b3 70. Kc1 Kf2 71. Kb2 Kg1 72. Bd5 Ne2 73. Kxb3 Nf4 {Accuracy: White = 26%, Black = 64%.} 0-1